000 01189cam a2200313Mi 4500
001 ocn688359997
005 20160817092602.0
008 160817s2010 sp ado gr 001 0 spa d
020 _a9788498882063
035 _a(OCoLC)688359997
040 _aCO-BoUCM
_bspa
_cSandra Palacio
_dSandra Palacio
041 1 _aspa
100 1 _aPloeg, Jan Douwe van der
_978785
245 1 0 _aNuevos campesinos
_bcampesinos e imperios alimentarios
_cJan Douwe van der Ploeg
260 _aBarcelona (España)
_bIcaria
_c2010
300 _a430 páginas
_bilustraciones, gráficas, fotografías
490 0 _aPerspectivas agroecológicas
_v5
504 _aIncluye referencias bibliográficas e índices
650 7 _aCampesinado
_978786
650 7 _aEmpresas multinacionales
_914131
650 7 _aDesarrollo agrario
_978787
650 7 _aCampesinado
_978786
650 7 _aDesarrollo rural
_912990
650 7 _aIndustria alimentaria
_917375
690 _aSociología
_9386
765 1 _tThe new peasantries : struggles for autonomy and sustainability in an era of empire and globalization
942 _2DEWEY
_cLIBRORESER
_a5
_e1
_h305.5633
_mP729nc
999 _c304043
_d304043